000 00973nam a2200265Ia 4500
003 OSt
005 20221005103110.0
006 a|||||r|||| 00| 0
007 ta
008 221004b |||||||| |||| 00| 0 hin d
024 _a109614
037 _cTextual
040 _aCRL
_cCRL
_bhin
041 _2hin
_ahin
082 _aO152,6x, J6
100 _aद्विवेदी, हजारी प्रसाद
245 0 _aनिबन्ध - संग्रह
246 _aNibandha - sangraha
260 _aइलाहाबाद
_bसाहित्य भवन प्राइवेट लिमिटेड भारत
_c1956
300 _a246पृ0
_ccm.
650 _aहिन्दी साहित्य
700 _a श्रीकृष्णलाल
942 _hO152,6x, J6
_cTEXL
_2cc
999 _c1009437
_d1009437